书目信息 |
| 题名: |
一场风花雪月的事
|
|
| 作者: | 海岩 著 | |
| 分册: | ||
| 出版信息: | 北京 群众出版社 1999.01 |
|
| 页数: | 331页 | |
| 开本: | 32开 | |
| 丛书名: | ||
| 单 册: | ||
| 中图分类: | I247.5 | |
| 科图分类: | ||
| 主题词: | 小说--中国 | |
| 电子资源: | ||
| ISBN: | 7-5014-1872-1 | |
| 000 | 00537nam0 2200193 45 | |
| 001 | 0009081048 | |
| 005 | 20001205165755.6 | |
| 010 | @a7-5014-1872-1@d16.00元 | |
| 100 | @a20000908d1999 km y0chiy0120 ea | |
| 101 | 0 | @achi |
| 105 | @a z 000yy | |
| 200 | 1 | @a一场风花雪月的事@AYi Chang Feng Hua Xue Yue De Shi@f海岩著@FHai Yan Zhu |
| 210 | @a北京@c群众出版社@d1999.01 | |
| 215 | @a331页@d32开 | |
| 606 | 0 | @a小说@x中国 |
| 690 | @aI247.5@v3 | |
| 701 | 0 | @a海岩@4著 |
| 801 | @aCN@bPftUser@c20000908 | |
| 905 | @dI247.5@eH.205/1@b402551@f1 | |
| 一场风花雪月的事/海岩著.-北京:群众出版社,1999.01 |
| 331页;32开 |
| ISBN 7-5014-1872-1:16.00元 |
| ● |
| 相关链接 |
|
|
|
正题名:一场风花雪月的事
索取号:I247.5/H.205/1
 
预约/预借
| 序号 | 登录号 | 条形码 | 馆藏地/架位号 | 状态 | 备注 |
| 1 | 402551 | 204025517 | 社科二线422/422社科库 12排1列3层/ [索取号:I247.5/H.205/1] | 在馆 |